An existentialist theology : (Record no. 31470)
[ view plain ]
| 000 -LEADER | |
|---|---|
| fixed length control field | 00726cam a2200229 4500 |
| 001 - CONTROL NUMBER | |
| control field | 31470 |
| 003 - CONTROL NUMBER IDENTIFIER | |
| rucl marc code | BD-RjUL |
| 005 - DATE AND TIME OF LATEST TRANSACTION | |
| control field | 20211209051714.0 |
| 008 - FIXED-LENGTH DATA ELEMENTS--GENERAL INFORMATION | |
| fixed length control field | 140416s1960 1955 enk 000 0 eng d |
| 035 ## - SYSTEM CONTROL NUMBER | |
| System control number | (BD-RjUL)31558 |
| 040 ## - CATALOGING SOURCE | |
| Original cataloging agency | BPS |
| Modifying agency | m.c |
| -- | OCL |
| -- | BD-RjUL |
| -- | BD-RjUL |
| Language of cataloging | eng |
| Transcribing agency | BD-RjUL |
| 041 ## - LANGUAGE CODE | |
| Language code of text/sound track or separate title | eng |
| 082 ## - DEWEY DECIMAL CLASSIFICATION NUMBER | |
| Classification number | 230 |
| Author mark and year | MAE 1960 |
| 100 1# - MAIN ENTRY--PERSONAL NAME | |
| Personal name | Macquarrie, John. |
| 9 (RLIN) | 95741 |
| 245 13 - TITLE STATEMENT | |
| Title | An existentialist theology : |
| Remainder of title | a comparison of Heidegger and Bultmann / |
| Statement of responsibility, etc. | John Macquarrie. |
| 260 ## - PUBLICATION, DISTRIBUTION, ETC. (IMPRINT) | |
| Place of publication, distribution, etc. | London : |
| Name of publisher, distributor, etc. | SCM Press, |
| Date of publication, distribution, etc. | 1955 [impression 1960] |
| 300 ## - PHYSICAL DESCRIPTION | |
| Pagination | xii, 252 p. ; |
| Size | 23 cm. |
| 650 #0 - SUBJECT ADDED ENTRY--TOPICAL TERM | |
| Topical term or geographic name as entry element | Christianity |
| General subdivision | Philosophy. |
| 9 (RLIN) | 266 |
| 830 #0 - SERIES ADDED ENTRY--UNIFORM TITLE | |
| Uniform title | Library of philosophy and theology |
| 942 ## - ADDED ENTRY ELEMENTS (KOHA) | |
| Source of classification or shelving scheme | Dewey Decimal Classification |
| Koha item type | Books |
| Lost status | Source of classification or shelving scheme | Damaged status | Not for loan | Collection code | Permanent Location | Current Location | Shelving location | Date acquired | Source of acquisition | Cost, normal purchase price | Total Checkouts | Full call number | Date last seen | Copy number | Koha item type |
|---|---|---|---|---|---|---|---|---|---|---|---|---|---|---|---|
| Dewey Decimal Classification | Non-fiction | Central Library, University of Rajshahi | Central Library, University of Rajshahi | 20/01/1965 | Zeitlinger | 25.00 | 230 MAE 1960 | 16/04/2014 | C-4 | Books | |||||
| Dewey Decimal Classification | Non-fiction | Central Library, University of Rajshahi | Central Library, University of Rajshahi | 20/01/1965 | Zeitlinger | 25.00 | 230 MAE 1960 | 20/04/2014 | C-7 | Books | |||||
| Dewey Decimal Classification | Non-fiction | Central Library, University of Rajshahi | Central Library, University of Rajshahi | 20/01/1965 | Zeitlinger | 25.00 | 230 MAE 1960 | 20/04/2014 | C-5 | Books | |||||
| Dewey Decimal Classification | Non-fiction | Central Library, University of Rajshahi | Central Library, University of Rajshahi | 20/01/1965 | Zeitlinger | 25.00 | 230 MAE 1960 | 20/04/2014 | C-6 | Books | |||||
| Dewey Decimal Classification | Non-fiction | Central Library, University of Rajshahi | Central Library, University of Rajshahi | 16/02/1963 | Zeitlinger | 25.00 | 230 MAE 1960 | 21/04/2014 | C-2 | Books | |||||
| Dewey Decimal Classification | Non-fiction | Central Library, University of Rajshahi | Central Library, University of Rajshahi | 16/02/1963 | Zeitlinger | 25.00 | 230 MAE 1960 | 21/04/2014 | C-3 | Books | |||||
| Dewey Decimal Classification | Non-fiction | Central Library, University of Rajshahi | Central Library, University of Rajshahi | 16/02/1963 | Zeitlinger | 25.00 | 230 MAE 1960 | 21/04/2014 | C-8 | Books | |||||
| Dewey Decimal Classification | Not For Loan | Non-fiction | Central Library, University of Rajshahi | Central Library, University of Rajshahi | Reading Room | 16/02/1963 | Zeitlinger | 25.00 | 230 MAE 1960 | 04/12/2016 | C-1 | Books |